| 000 | 00497nam a2200181 a 4500 | ||
|---|---|---|---|
| 001 | 34311 | ||
| 005 | 20180714002422.0 | ||
| 008 | 140415s1970 000 0 spa d | ||
| 041 | _aspa | ||
| 082 |
_a800 _bSAR |
||
| 100 | 1 | _aSARMIENTO, DOMINGO F. | |
| 245 | 1 | 0 | _aRECUERDOS DE PROVINCIA |
| 260 |
_a[s.l.] : _bSALVAT, _c1970 |
||
| 300 | _a170 | ||
| 490 |
_aBIBLIOTECA BASICA SALVAT _v35 |
||
| 650 | 1 | 4 |
_aLITERATURA ARGENTINA _xNARRACIONES |
| 700 | 1 |
_aTORRE, GUILLERMO DE _eprĂ³l. |
|
| 999 |
_c34311 _d34311 |
||